000 00284nam a22001337a 4500
008 181011b xxu||||| |||| 00| 0 eng d
020 _a0138295735
041 _aeng
080 _a616
100 _a9
101 _aPAT
245 _aSpeech Correction
_cRiper, Ch.V
942 _2udc
_cBK
999 _c49442
_d49442